[Event "IECC CL2-2005.19 email"]
[Site "IECC email"]
[Date "2005.12.26"]
[Round "?"]
[White "Canizares Cuadra, Pedro"]
[Black "Van der Wijk, Hein"]
[Result "1/2-1/2"]
[WhiteElo "2079"]
[BlackElo "2083"]
[PlyCount "49"]
[EventDate "2005.??.??"]
[EventType "tourn (corr)"]
[EventRounds "4"]
[SourceTitle "Corr 2008"]
[Source "ChessBase"]
[SourceDate "2008.06.24"]
[SourceVersion "1"]
[SourceVersionDate "2008.06.24"]
[SourceQuality "1"]

1. e4 c5 2. Nf3 d6 3. d4 cxd4 4. Nxd4 Nf6 5. Nc3 a6 6. Bc4 e6 7. Bb3 b5 8. 0-0 Be7 9. Qf3 Qc7 10. Qg3 Nc6 11. Nxc6 Qxc6 12. Re1 Bb7 13. Qxg7 Rg8 14. Qh6 0-0-0 15. Qh3 Kb8 16. f3 h5 17. Be3 Qc7 18. Rad1 h4 19. Kh1 Nh7 20. a4 bxa4 21. Nxa4 Ng5 22. Bxg5 Bxg5 23. Rd4 Bf4 24. Red1 Qe7 25. Nc3 1/2-1/2

[Event "IECC CL2-2005.19 email"]
[Site "IECC email"]
[Date "2005.12.26"]
[Round "?"]
[White "Van der Wijk, Hein"]
[Black "Sadowski, Marek"]
[Result "0-1"]
[WhiteElo "2098"]
[BlackElo "2134"]
[PlyCount "42"]
[EventDate "2005.??.??"]
[EventType "tourn (corr)"]
[EventRounds "4"]
[SourceTitle "Corr 2008"]
[Source "ChessBase"]
[SourceDate "2008.06.24"]
[SourceVersion "1"]
[SourceVersionDate "2008.06.24"]
[SourceQuality "1"]

1. d4 Nf6 2. f3 d5 3. e4 dxe4 4. Nc3 exf3 5. Nxf3 Bg4 6. h3 Bh5 7. g4 Bg6 8. Ne5 e6 9. Bg2 c6 10. h4 Bb4 11. Bg5 h6 12. Nxg6 fxg6 13. Bf4 Nd5 14. Bd2 Bxc3 15. bxc3 0-0 16. Qe2 Qd6 17. 0-0-0 Nd7 18. g5 N7b6 19. Kb2 Na4+ 20. Kb3 c5 21. gxh6 Rf2 0-1

[Event "IECC CL2-2005.10 email"]
[Site "IECC email"]
[Date "2005.07.29"]
[Round "?"]
[White "Bouroutzakis, Georgios"]
[Black "Van der Wijk, Hein"]
[Result "0-1"]
[WhiteElo "2153"]
[BlackElo "2111"]
[PlyCount "28"]
[EventDate "2005.??.??"]
[EventType "tourn (corr)"]
[EventRounds "4"]
[SourceTitle "Corr 2008"]
[Source "ChessBase"]
[SourceDate "2008.06.24"]
[SourceVersion "1"]
[SourceVersionDate "2008.06.24"]
[SourceQuality "1"]

1. d4 Nf6 2. c4 e6 3. Nc3 Bb4 4. Qc2 c5 5. dxc5 0-0 6. a3 Bxc5 7. Nf3 Nc6 8. Bg5 Nd4 9. Nxd4 Bxd4 10. e3 Qa5 11. exd4 Qxg5 12. Qd2 Qg6 13. Bd3 Qxg2 14. 0-0-0 Qh3 0-1

[Event "IECC CL2-2005.09 email"]
[Site "IECC email"]
[Date "2005.07.13"]
[Round "?"]
[White "Van der Wijk, Hein"]
[Black "Malmstroem, Jan"]
[Result "1/2-1/2"]
[WhiteElo "2115"]
[BlackElo "2049"]
[PlyCount "53"]
[EventDate "2005.??.??"]
[EventType "tourn (corr)"]
[EventRounds "4"]
[SourceTitle "Corr 2008"]
[Source "ChessBase"]
[SourceDate "2008.06.24"]
[SourceVersion "1"]
[SourceVersionDate "2008.06.24"]
[SourceQuality "1"]

1. d4 Nf6 2. f3 d5 3. e4 dxe4 4. Nc3 exf3 5. Nxf3 c6 6. Bd3 Bg4 7. h3 Bxf3 8. Qxf3 e6 9. Be3 Nbd7 10. g4 h6 11. 0-0-0 Bb4 12. Ne4 Nxe4 13. Bxe4 Nf6 14. Rhf1 Be7 15. c4 Nxe4 16. Qxf7+ Kd7 17. d5 exd5 18. cxd5 Nd6 19. dxc6+ Kxc6 20. Qd5+ Kc7 21. Rf7 Rc8 22. Kb1 Kb8 23. Bf4 Rc7 24. Rxe7 Qxe7 25. Bxd6 Rd8 26. Bxc7+ Kxc7 27. Qa5+ 1/2-1/2

[Event "IECC CL2-2004.24 email"]
[Site "IECC email"]
[Date "2004.08.09"]
[Round "?"]
[White "Leisebein, Peter"]
[Black "Van der Wijk, Hein"]
[Result "1/2-1/2"]
[WhiteElo "2195"]
[BlackElo "2093"]
[PlyCount "37"]
[EventDate "2004.??.??"]
[EventType "tourn (corr)"]
[EventRounds "4"]
[SourceTitle "Corr 2008"]
[Source "ChessBase"]
[SourceDate "2008.06.24"]
[SourceVersion "1"]
[SourceVersionDate "2008.06.24"]
[SourceQuality "1"]

1. d4 Nf6 2. f3 d5 3. e4 dxe4 4. Nc3 exf3 5. Nxf3 c6 6. Bd3 Bg4 7. h3 Bxf3 8. Qxf3 Qxd4 9. Be3 Qd8 10. 0-0-0 Nbd7 11. Kb1 Qa5 12. g4 Ne5 13. Qf4 e6 14. Bd4 Nxd3 15. Rxd3 Be7 16. Rf1 0-0 17. g5 Nh5 18. Qf3 Qf5 19. Qxf5 1/2-1/2

[Event "IECC CL2-2004.24 email"]
[Site "IECC email"]
[Date "2004.08.09"]
[Round "?"]
[White "Malmstroem, Jan"]
[Black "Van der Wijk, Hein"]
[Result "1/2-1/2"]
[WhiteElo "2037"]
[BlackElo "2101"]
[PlyCount "50"]
[EventDate "2004.??.??"]
[EventType "tourn (corr)"]
[EventRounds "4"]
[SourceTitle "Corr 2008"]
[Source "ChessBase"]
[SourceDate "2008.06.24"]
[SourceVersion "1"]
[SourceVersionDate "2008.06.24"]
[SourceQuality "1"]

1. e4 c5 2. Nf3 d6 3. d4 cxd4 4. Nxd4 Nf6 5. Nc3 a6 6. Be2 e5 7. Nb3 Be7 8. 0-0 0-0 9. Be3 Be6 10. Nd5 Nbd7 11. Qd3 Bxd5 12. exd5 Ne8 13. Qf5 g6 14. Qh3 f5 15. f4 Nef6 16. c4 Re8 17. fxe5 Nxe5 18. Nd4 Qd7 19. Rae1 Nfg4 20. Bd2 Bd8 21. Qb3 b5 22. cxb5 Bb6 23. Bc3 Qa7 24. Qa4 axb5 25. Qxa7 Rxa7 1/2-1/2

[Event "IECC CL2-2003.33 email"]
[Site "IECC email"]
[Date "2003.11.28"]
[Round "?"]
[White "Milde, Lars"]
[Black "Van der Wijk, Hein"]
[Result "0-1"]
[WhiteElo "1940"]
[BlackElo "2069"]
[PlyCount "71"]
[EventDate "2003.??.??"]
[EventType "tourn (corr)"]
[EventRounds "4"]
[SourceTitle "Corr 2008"]
[Source "ChessBase"]
[SourceDate "2008.06.24"]
[SourceVersion "1"]
[SourceVersionDate "2008.06.24"]
[SourceQuality "1"]

1. e4 c5 2. Nf3 d6 3. d4 cxd4 4. Nxd4 Nf6 5. Nc3 a6 6. Bg5 e6 7. f4 Qb6 8. Nb3 Nbd7 9. Qf3 Be7 10. 0-0-0 Qc7 11. g4 b5 12. Bxf6 Bxf6 13. e5 Bb7 14. Ne4 Bxe4 15. Qxe4 d5 16. Qe1 Be7 17. h4 Rc8 18. Bd3 b4 19. h5 a5 20. g5 a4 21. Nd4 Qa7 22. Bb5 Bc5 23. Qe3 b3 24. a3 bxc2 25. Rd2 0-0 26. g6 h6 27. Bxd7 Qxd7 28. Rxc2 Qe8 29. Rg1 fxg6 30. Rxg6 Qf7 31. Rc3 Bxd4 32. Qxd4 Rxc3+ 33. bxc3 Qf5 34. Qxa4 Qxh5 35. Rxe6 Rb8 36. Ra6 0-1

[Event "IECC CL2-2003.25 email"]
[Site "IECC email"]
[Date "2003.09.02"]
[Round "?"]
[White "Van der Wijk, Hein"]
[Black "Wozniak, Zbigniew"]
[Result "1-0"]
[WhiteElo "2054"]
[BlackElo "1894"]
[PlyCount "55"]
[EventDate "2003.??.??"]
[EventType "tourn (corr)"]
[EventRounds "4"]
[SourceTitle "Corr 2008"]
[Source "ChessBase"]
[SourceDate "2008.06.24"]
[SourceVersion "1"]
[SourceVersionDate "2008.06.24"]
[SourceQuality "1"]

1. d4 d5 2. e4 dxe4 3. Nc3 Nf6 4. f3 exf3 5. Nxf3 g6 6. Bc4 Bg7 7. 0-0 0-0 8. Qe1 Nc6 9. Qh4 Bf5 10. Bb3 Nb4 11. Bh6 Nxc2 12. Bxc2 Bxc2 13. d5 Nh5 14. Bxg7 Nxg7 15. Rf2 Bd3 16. Rd1 Nf5 17. Qh3 Ba6 18. Ng5 h6 19. Nce4 h5 20. Rxf5 Be2 21. Rxf7 Rxf7 22. Nxf7 Kxf7 23. Ng5+ Ke8 24. Qe6 Bg4 25. Qxg6+ Kd7 26. Nf7 Qf8 27. Rf1 Qe8 28. Ne5+ 1-0

[Event "IECC CL2-2003.06 email"]
[Site "IECC email"]
[Date "2003.02.06"]
[Round "?"]
[White "Van der Wijk, Hein"]
[Black "Humen, John F"]
[Result "1-0"]
[WhiteElo "2009"]
[BlackElo "1976"]
[PlyCount "29"]
[EventDate "2003.??.??"]
[EventType "tourn (corr)"]
[EventRounds "4"]
[SourceTitle "Corr 2008"]
[Source "ChessBase"]
[SourceDate "2008.06.24"]
[SourceVersion "1"]
[SourceVersionDate "2008.06.24"]
[SourceQuality "1"]

1. d4 Nf6 2. Nc3 d5 3. e4 dxe4 4. f3 exf3 5. Nxf3 e6 6. Bg5 Be7 7. Qd2 0-0 8. Bd3 Nc6 9. a3 Nd5 10. Bxe7 Qxe7 11. 0-0 Nxc3 12. Qxc3 Qd6 13. Rad1 Ne7 14. Bxh7+ Kh8 15. Ng5 1-0

[Event "IECC KO email"]
[Site "IECC email"]
[Date "2002.11.06"]
[Round "?"]
[White "Van der Wijk, Hein"]
[Black "Nagley, Tim"]
[Result "1-0"]
[WhiteElo "1971"]
[BlackElo "2145"]
[PlyCount "153"]
[EventDate "2002.??.??"]
[EventType "tourn (corr)"]
[EventRounds "6"]
[SourceTitle "Corr 2008"]
[Source "ChessBase"]
[SourceDate "2008.06.24"]
[SourceVersion "1"]
[SourceVersionDate "2008.06.24"]
[SourceQuality "1"]

1. d4 d5 2. e4 dxe4 3. Nc3 Nf6 4. f3 exf3 5. Nxf3 g6 6. Bc4 Bg7 7. 0-0 0-0 8. Qe1 Nc6 9. Qh4 Bg4 10. Be3 Bxf3 11. Rxf3 Qd7 12. Raf1 Rad8 13. Ne2 Qg4 14. Qf2 Ne4 15. Qe1 Nd6 16. h3 Qd7 17. Bb3 e5 18. Bg5 Rde8 19. d5 Ne7 20. Qb4 Nef5 21. c3 e4 22. R3f2 e3 23. Rf3 Ne4 24. Rxf5 gxf5 25. Bxe3 c5 26. dxc6 Qd3 27. Bf4 Qxe2 28. Bc4 Qh5 29. cxb7 Rb8 30. Qe7 Bf6 31. Qd7 Rbd8 32. Qb5 a6 33. Qb4 Rb8 34. Bd5 Bg5 35. Bxb8 Rxb8 36. Bxe4 fxe4 37. Qc5 Qh6 38. Qc7 Be3+ 39. Kh1 Ba7 40. Qxf7+ Kh8 41. Qe7 a5 42. a4 Rg8 43. Qxe4 Qg7 44. Rf5 Rd8 45. g4 Bb8 46. Qc6 Qe7 47. Qf6+ Qxf6 48. Rxf6 Kg7 49. Rb6 Rd3 50. Kg2 Rg3+ 51. Kf2 Rxh3 52. Rb5 Kf7 53. Ke1 Ke6 54. Rxa5 Rh1+ 55. Kd2 Rh2+ 56. Kc1 Kd6 57. Rf5 Kc6 58. Rf7 h6 59. a5 Rg2 60. a6 Kb6 61. Rf6+ Ka7 62. Rg6 Bf4+ 63. Kb1 Be5 64. Rxh6 Rxg4 65. Re6 Bf4 66. b4 Rg2 67. b5 Bb8 68. c4 Rg4 69. Rc6 Rg3 70. Kc2 Ra3 71. Rc8 Rg3 72. c5 Rf3 73. b6+ Kxa6 74. Rxb8 Rf5 75. Kb3 Rf6 76. Kc4 Rg6 77. Rh8 1-0

[Event "IECC CL3-2002.28"]
[Site "IECC email"]
[Date "2002.08.20"]
[Round "?"]
[White "Van der Wijk, Hein"]
[Black "Allen, Richard G"]
[Result "1/2-1/2"]
[WhiteElo "1948"]
[BlackElo "1950"]
[PlyCount "77"]
[EventDate "2002.??.??"]
[EventType "tourn (corr)"]
[EventRounds "4"]
[SourceTitle "Corr 2008"]
[Source "ChessBase"]
[SourceDate "2008.06.24"]
[SourceVersion "1"]
[SourceVersionDate "2008.06.24"]
[SourceQuality "1"]

1. d4 d5 2. e4 dxe4 3. Nc3 e5 4. Qh5 Nc6 5. dxe5 Nd4 6. Qd1 Bg4 7. Nge2 Nc6 8. Bf4 Bb4 9. Qxd8+ Rxd8 10. a3 Bxc3+ 11. Nxc3 Nd4 12. Rc1 Ne7 13. Bc4 Ng6 14. Bg3 0-0 15. Nxe4 Nxc2+ 16. Kf1 Bf5 17. Ng5 h6 18. Nf3 c6 19. h4 Nd4 20. h5 Nxf3 21. gxf3 Ne7 22. Ke2 b5 23. Bb3 Bd3+ 24. Ke1 Nf5 25. Rg1 Nd4 26. Bd1 Rfe8 27. f4 Bc4 28. Bh4 Rd6 29. Rc3 Nf5 30. Bg3 Rdd8 31. Bc2 Nd4 32. Bh4 Nxc2+ 33. Rxc2 Rd4 34. Bf6 g6 35. hxg6 Rxf4 36. Kd2 Rxf2+ 37. Kc3 Rxc2+ 38. Kxc2 a5 39. b4 1/2-1/2

[Event "IECC CL3-2002.28"]
[Site "IECC email"]
[Date "2002.08.20"]
[Round "?"]
[White "Van der Wijk, Hein"]
[Black "Pietrzak, Wojciech"]
[Result "1-0"]
[WhiteElo "1959"]
[BlackElo "1870"]
[PlyCount "51"]
[EventDate "2002.??.??"]
[EventType "tourn (corr)"]
[EventRounds "4"]
[SourceTitle "Corr 2008"]
[Source "ChessBase"]
[SourceDate "2008.06.24"]
[SourceVersion "1"]
[SourceVersionDate "2008.06.24"]
[SourceQuality "1"]

1. d4 d5 2. e4 dxe4 3. Nc3 Nf6 4. f3 exf3 5. Nxf3 c6 6. Bd3 Bg4 7. Be3 e6 8. 0-0 Bd6 9. Qe1 0-0 10. Ne5 Bh5 11. Qh4 Bg6 12. Nxg6 hxg6 13. Bg5 Nbd7 14. Rf3 Qb6 15. Rh3 Nh5 16. g4 Qxd4+ 17. Be3 Qf6 18. gxh5 Qxh4 19. Rxh4 Be7 20. Rh3 g5 21. h6 g6 22. Rd1 Rad8 23. Be2 Kh7 24. Ne4 Ne5 25. Rxd8 Rxd8 26. Bxg5 1-0

[Event "IECC TH-T email"]
[Site "IECC email"]
[Date "2001.12.01"]
[Round "?"]
[White "Bruening, Ralf"]
[Black "Van der Wijk, Hein"]
[Result "0-1"]
[WhiteElo "1587"]
[BlackElo "1948"]
[PlyCount "83"]
[EventDate "2001.??.??"]
[EventType "match (corr)"]
[EventRounds "2"]
[SourceTitle "Corr 2008"]
[Source "ChessBase"]
[SourceDate "2008.06.24"]
[SourceVersion "1"]
[SourceVersionDate "2008.06.24"]
[SourceQuality "1"]

1. d4 d5 2. e4 dxe4 3. Nc3 Nf6 4. f3 exf3 5. Nxf3 e6 6. Bg5 Be7 7. Bc4 a6 8. Qe2 b5 9. Bd3 Bb7 10. Ne4 Bxe4 11. Bxe4 Nxe4 12. Qxe4 Qd5 13. Qxd5 exd5 14. Bxe7 Kxe7 15. 0-0 f6 16. Rae1+ Kd7 17. Nd2 Kd6 18. Rf3 Nc6 19. Rfe3 Nxd4 20. Re7 Kc6 21. Rxg7 Rae8 22. Rf1 Re2 23. Rxf6+ Kb7 24. Rf2 Rxf2 25. Kxf2 Nxc2 26. Nb3 Kb6 27. Ke2 a5 28. Kd2 Nb4 29. a3 Nc6 30. Rd7 Rg8 31. g3 Rf8 32. Rxd5 Rf2+ 33. Kc3 b4+ 34. axb4 axb4+ 35. Kd3 Rxb2 36. Nd2 Na5 37. Rh5 c5 38. Rxh7 Ra2 39. Rh6+ Kb5 40. Rh8 Ra3+ 41. Ke4 c4 42. Rb8+ 0-1

[Event "IECC TH-T email"]
[Site "IECC email"]
[Date "2001.12.01"]
[Round "?"]
[White "Van der Wijk, Hein"]
[Black "Bruening, Ralf"]
[Result "0-1"]
[WhiteElo "1968"]
[BlackElo "1583"]
[PlyCount "114"]
[EventDate "2001.??.??"]
[EventType "match (corr)"]
[EventRounds "2"]
[SourceTitle "Corr 2008"]
[Source "ChessBase"]
[SourceDate "2008.06.24"]
[SourceVersion "1"]
[SourceVersionDate "2008.06.24"]
[SourceQuality "1"]

1. d4 d5 2. e4 dxe4 3. Nc3 e5 4. dxe5 Qxd1+ 5. Kxd1 Bg4+ 6. Be2 Bf5 7. Nb5 Na6 8. Be3 Ne7 9. Kc1 Nd5 10. Bd4 c5 11. Bc3 Be7 12. Bd2 0-0 13. a3 Nac7 14. Nxc7 Nxc7 15. f3 Rad8 16. g4 Bd7 17. fxe4 Bc6 18. Nf3 Bxe4 19. Re1 Ne6 20. Be3 Rd5 21. c4 Rdd8 22. g5 Bc6 23. h4 Nd4 24. Bxd4 cxd4 25. Kd2 d3 26. Bd1 Bc5 27. Rf1 Bd4 28. Nxd4 Rxd4 29. Bf3 Rxc4 30. Bxc6 bxc6 31. Rac1 Rxh4 32. Rxc6 Rh2+ 33. Kxd3 Rxb2 34. Ke4 Re2+ 35. Kf4 Re8 36. Rc5 g6 37. Rd1 Rf2+ 38. Kg4 Kg7 39. Rd7 a6 40. Rd6 Rf5 41. Rxa6 Rexe5 42. Rxe5 Rxe5 43. Ra7 Rf5 44. a4 h5+ 45. Kh4 Rf4+ 46. Kh3 Rf3+ 47. Kh4 Kf8 48. Ra8+ Ke7 49. Ra7+ Ke6 50. Ra6+ Ke5 51. Ra5+ Kf4 52. Rb5 Ra3 53. a5 Kf3 54. Kh3 Ra1 55. Rb3+ Kf4 56. Rb5 Rc1 57. Rd5 Rh1+ 0-1